Les 50 États américains en 2 minutes - Statistiques

Statistiques générales
  • Ce quiz a été pris 581 fois
  • Le résultat moyen est 25 sur 50
Réponses sur la Carte
Les réponses sont colorées sur une échelle allant du rouge au vert en fonction du pourcentage des utilisateurs qui les ont devinées à leur premier essai. Vous pouvez retrouver ces pourcentages ci-dessous.
 
Statistiques - réponses
Réponse % Correct
Californie
90%
Texas
89%
Alaska
82%
New York
82%
Floride
78%
Washington
75%
Alabama
63%
Caroline du Nord
63%
Caroline du Sud
61%
Nevada
60%
Ohio
60%
Arizona
57%
Arkansas
57%
Dakota du Nord
56%
Dakota du Sud
56%
Nouveau-Mexique
54%
Utah
54%
Mississippi
53%
Colorado
50%
New Jersey
50%
Louisiane
49%
Illinois
48%
Kansas
48%
Maine
48%
Michigan
48%
Géorgie
47%
Oregon
47%
Idaho
46%
Virginie
46%
Montana
42%
Iowa
41%
Hawaii
40%
Missouri
39%
Massachusetts
38%
Nebraska
38%
Kentucky
37%
Minnesota
37%
Pennsylvanie
37%
Wyoming
37%
Connecticut
35%
Indiana
34%
New Hampshire
34%
Tennessee
34%
Vermont
34%
Wisconsin
34%
Delaware
33%
Oklahoma
33%
Virginie-Occidentale
29%
Rhode-Island
27%
Maryland
24%
Aucun quiz correspondant
Distribution des résultats
% des personnes avec chaque résultat
Percentile par nombre de réponses
Votre historique - résultats
Vous n’avez pas pris ce quiz